000 00785nam a22002657a 4500
003 CBULib
005 20230803083154.0
008 230516b |||||||| |||| 00| 0 eng d
020 _a9781785945205
040 _aCBULib
_cCBULib
_bEnglish
_erda
041 _aeng
_geng
050 _aSB 324.3 Tit
100 1 _aTitchmarsh, Alan
_9387
245 _aVegetables and herbs
_c / by Alan Titchmarsh
260 _bBBC Books,
_c2009
_aLondon,
300 _a144 pages : illustrations (colour)
_c24 cm
336 _2rdacontent
_aText |
_btxt
337 _2rdamedia
_aUnmediated |
_bn
338 _2rdacarrier
_aVolume
_bnc
490 _aAlan Titchmarsh how to garden
504 _aIncludes index.
650 0 _9389
_aVEGETABLE GARDENING
650 0 _9390
_aHERB GARDENING
942 _c002
_2lcc
999 _c81228
_d81228